Przeciwnicy w bitwach - Statystyki

Ogólne statystyki
  • Ten quiz został rozwiązany 67 razy
  • Średni wynik to 12 z 15
Statystyki odpowiedzi
Zagadnienie Odpowiedź % Poprawnych
Bitwa pod Crécy, 1346 Anglia vs Francja
100%
Bitwa pod Borodino, 1812 Francja vs Rosja
100%
Bitwa o Monte Cassino, 1944 Alianci vs III Rzesza, Włochy
90%
Bitwa pod Passchendaele, 1917 Cesarstwo Niemieckie vs Wielka Brytania, Francja, Belgia
90%
II bitwa pod El Alamein, 1942 III Rzesza i Włochy vs Wielka Brytania, Australia, USA
90%
Bitwa w Lesie Teutoburskim, 9 n.e Rzymianie vs Germanie
90%
Bitwa pod Kannami, 216 p.n.e Rzymianie vs Kartagina
90%
Bitwa pod Midway, 1942 USA vs Japonia
90%
Bitwa na łuku kurskim, 1943 ZSRR vs III Rzesza
90%
Bitwa stalingradzka, 1942 ZSRR vs III Rzesza, Włochy, Rumunia
90%
Bitwa pod Austerlitz, 1805 Francja vs koalicja antyfrancuska
80%
Bitwa pod Gettysburgiem, 1863 USA vs Konfederacja
70%
Bitwa nad Sommą, 1916 Francja, Wielka Brytania vs Cesarstwo Niemieckie
60%
Bitwa pod Wagram, 1809 Francja vs Austria
50%
Bitwa pod Linköping, 1598 Szwecja vs I Rzeczpospolita
40%
Nie znaleziono quizów pasujących do podanych kryteriów
Rozkład punktacji
Procent ludzi z każdym wynikiem
Percentyl według liczby udzielonych odpowiedzi
Twoja historia wyników
Nie rozwiązałeś tego quizu